Normal view
MARC view
- Authors, Malaysia
Entry Topical Term
001 - CONTROL NUMBER
- control field: 8095
003 - CONTROL NUMBER IDENTIFIER
- control field: OSt
005 - DATE AND TIME OF LATEST TRANSACTION
- control field: 20170525112734.0
008 - FIXED-LENGTH DATA ELEMENTS
- fixed length control field: 170525|| aca||aabn | a|a d
040 ## - CATALOGING SOURCE
- Original cataloging agency: OSt
- Transcribing agency: OSt
150 ## - HEADING--TOPICAL TERM
- Topical term or geographic name entry element: Authors, Malaysia
- Form subdivision: Biography
670 ## - SOURCE DATA FOUND
- Source citation: Work cat.: (OSt)0: A. Samad Ahmad (Abdul Samad Ahmad), 1913-, author. 8093, SEJAMBAK KENANGAN :

PORTAL AKMAL
E-MEL JKDM
AKMAL2U
G-BAM
u-PUSTAKA